[Event "8th Palmanova Open 2019"]
[Site "Palmanova"]
[Date "2019.12.07"]
[Round "2.6"]
[White "Bozza, Gabriele"]
[Black "Zamengo, Fulvio"]
[Result "0-1"]
[WhiteElo "1948"]
[BlackElo "2357"]
[Annotator "NA"]
[PlyCount "95"]
[EventDate "2019.12.06"]
[EventType "swiss"]
[EventCountry "ITA"]
[SourceTitle "playchess.com"]
[Source "ChessBase"]
[SourceQuality "1"]
[TimeControl "5400+30"]

1. d4 {[%emt 0:00:00]} Nf6 {[%emt 0:00:00]} 2. c4 {[%emt 0:00:00]} g6 {[%emt 0:00:00]} 3. Nc3 {[%emt 0:00:00]} d5 {[%emt 0:00:00]} 4. Nf3 {[%emt 0:00:11]} Bg7 {[%emt 0:00:00]} 5. Qb3 {[%emt 0:00:23]} dxc4 {[%emt 0:00:06]} 6. Qxc4 {[%emt 0:00:07]} a6 {[%emt 0:00:40]} 7. Bf4 {[%emt 0:03:57]} c6 {[%emt 0:01:01]} 8. e3 {[%emt 0:00:33]} b5 {[%emt 0:02:40]} 9. Qb3 {[%emt 0:06:30]} O-O {[%emt 0:01:03]} 10. Be2 {[%emt 0:00:07]} Nbd7 {[%emt 0:13:30]} 11. O-O {[%emt 0:13:54]} Nh5 {[%emt 0:19:51]} 12. Bg5 {[%emt 0:08:06]} h6 {[%emt 0:04:22]} 13. Bh4 {[%emt 0:00:05]} g5 {[%emt 0:00:07]} 14. Bg3 {[%emt 0:00:12]} Nxg3 {[%emt 0:00:10]} 15. hxg3 {[%emt 0:00:06]} e5 {[%emt 0:17:47]} 16. dxe5 {[%emt 0:02:10]} Nxe5 {[%emt 0:06:13]} 17. Nxe5 {[%emt 0:00:19]} Bxe5 {[%emt 0:00:06]} 18. Rfd1 {[%emt 0:03:35]} Qe7 {[%emt 0:01:26]} 19. Bf3 {[%emt 0:02:00]} Be6 {[%emt 0:02:46]} 20. Qc2 {[%emt 0:03:17]} Rac8 {[%emt 0:00:18]} 21. g4 {[%emt 0:07:40]} h5 {[%emt 0:08:25]} 22. gxh5 {[%emt 0:08:11]} g4 {[%emt 0:00:08]} 23. Be4 {[%emt 0:05:56] [#]} (23. Be2 $17) 23... Qh4 {[%emt 0:00:29]} (23... f5 $1 $17 {[%cal Rf5e4]} 24. Bd3 Qh4) 24. g3 $11 {[%emt 0:04:44]} Qxh5 {[%emt 0:00:06]} 25. Ne2 {[%emt 0:02:46]} f5 {[%emt 0:05:57]} 26. Bg2 {[%emt 0:01:21]} Rf6 {[%emt 0:00:25]} 27. Nf4 {[%emt 0:01:40]} Bxf4 {[%emt 0:00:07]} 28. exf4 {[%emt 0:00:05]} Rh6 {[%emt 0:00:06]} 29. b3 {[%emt 0:00:08]} Re8 {[%emt 0:02:35]} 30. Rd3 {[%emt 0:06:09]} Bf7 {[%emt 0:11:57]} 31. Qd2 {[%emt 0:01:44]} Bd5 {[%emt 0:01:06]} 32. Rxd5 {[%emt 0:01:04]} cxd5 {[%emt 0:00:04]} 33. Bxd5+ {[%emt 0:02:15]} Kh7 {[%emt 0:00:04]} 34. Qc2 {[%emt 0:00:50]} Qg6 {[%emt 0:00:34]} 35. Rc1 {[%emt 0:05:42]} Qf6 {[%emt 0:01:43]} 36. a4 {[%emt 0:03:48]} bxa4 {[%emt 0:00:25]} 37. bxa4 {[%emt 0:00:07]} Rg6 {[%emt 0:00:59]} 38. Kg2 {[%emt 0:00:50]} Rg7 {[%emt 0:00:10]} 39. Rh1+ {[%emt 0:05:01]} Kg6 {[%emt 0:00:01]} 40. Qa2 {[%emt 0:00:13]} Rh7 {[%emt 0:00:49]} 41. Rc1 {[%emt 0:00:31]} Rd8 {[%emt 0:00:29]} 42. Rc6 {[%emt 0:01:10]} Rd6 {[%emt 0:00:04]} 43. Rc8 {[%emt 0:00:51]} Rhd7 {[%emt 0:00:31]} 44. Bc6 {[%emt 0:01:45]} Rxc6 {[%emt 0:02:40]} 45. Qg8+ {[%emt 0:00:06]} Kh6 {[%emt 0:00:00]} 46. Rf8 {[%emt 0:00:10]} Qg7 {[%emt 0:00:00]} 47. Rc8 {[%emt 0:03:11]} Qf6 {[%emt 0:01:30]} 48. Qg5+ {[%emt 0:00:30] Rd8} 0-1

[Event "8th Palmanova Open 2019"]
[Site "Palmanova"]
[Date "2019.12.07"]
[Round "2.7"]
[White "Hercegovac, Neven"]
[Black "Dappiano, Andrea"]
[Result "0-1"]
[WhiteElo "2003"]
[BlackElo "2258"]
[Annotator "ChessBase"]
[PlyCount "62"]
[EventDate "2019.12.06"]
[EventType "swiss"]
[EventCountry "ITA"]
[SourceTitle "playchess.com"]
[Source "ChessBase"]
[SourceQuality "1"]
[TimeControl "5400+30"]

1. e4 {[%emt 0:00:00]} e6 {[%emt 0:00:00]} 2. d4 {[%emt 0:00:00]} d5 {[%emt 0:00:00]} 3. Nc3 {[%emt 0:00:00]} Nf6 {[%emt 0:00:00]} 4. e5 {[%emt 0:00:06]} Nfd7 {[%emt 0:00:00]} 5. Nf3 {[%emt 0:00:09]} c5 {[%emt 0:00:00]} 6. dxc5 {[%emt 0:00:34]} Nc6 {[%emt 0:00:33]} 7. Bf4 {[%emt 0:00:16]} Bxc5 {[%emt 0:00:59]} 8. Bd3 {[%emt 0:00:07]} f6 {[%emt 0:00:29]} 9. exf6 {[%emt 0:00:20]} Nxf6 {[%emt 0:00:05]} 10. O-O {[%emt 0:00:19]} O-O {[%emt 0:00:12]} 11. Ne5 {[%emt 0:00:14]} a6 {[%emt 0:08:06]} 12. Qe2 {[%emt 0:16:26]} Nxe5 {[%emt 0:13:00]} 13. Bxe5 {[%emt 0:00:23]} b5 {[%emt 0:02:09]} 14. Rae1 {[%emt 0:02:59]} Ra7 {[%emt 0:03:18]} 15. Nb1 {[%emt 0:19:29]} Raf7 {[%emt 0:05:03]} 16. Bg3 {[%emt 0:07:48]} Re8 {[%emt 0:17:19]} 17. Be5 {[%emt 0:03:09]} Nd7 {[%emt 0:01:51]} 18. Qh5 {[%emt 0:06:57]} g6 {[%emt 0:00:04]} 19. Bxg6 {[%emt 0:00:25]} Nxe5 {[%emt 0:00:04]} 20. Bxf7+ {[%emt 0:00:18]} Nxf7 {[%emt 0:00:05]} 21. b4 {[%emt 0:00:29]} Bb6 {[%emt 0:03:19]} 22. Kh1 {[%emt 0:02:05]} Qg5 {[%emt 0:02:30]} 23. Qxg5+ {[%emt 0:05:42]} Nxg5 {[%emt 0:00:11]} 24. Nc3 {[%emt 0:00:22]} Bb7 {[%emt 0:02:18]} 25. h4 {[%emt 0:01:07]} Ne4 {[%emt 0:00:35]} 26. Nxe4 {[%emt 0:00:10]} dxe4 {[%emt 0:00:02]} 27. Rd1 {[%emt 0:00:34]} Bd5 {[%emt 0:00:06]} 28. a4 {[%emt 0:02:03]} Rc8 {[%emt 0:01:13]} 29. a5 {[%emt 0:00:30]} Bd8 {[%emt 0:01:48]} 30. Rd2 {[%emt 0:00:50]} Bxh4 {[%emt 0:00:34]} 31. g3 {[%emt 0:01:47]} Be7 {[%emt 0:00:41]} 0-1

[Event "8th Palmanova Open 2019"]
[Site "Palmanova"]
[Date "2019.12.07"]
[Round "2.8"]
[White "Savanovic, Aleksandar"]
[Black "Bordin, Silvia"]
[Result "1-0"]
[WhiteElo "2420"]
[BlackElo "1905"]
[Annotator "NA"]
[PlyCount "61"]
[EventDate "2019.12.06"]
[EventType "swiss"]
[EventCountry "ITA"]
[SourceTitle "playchess.com"]
[Source "ChessBase"]
[SourceQuality "1"]
[TimeControl "5400+30"]

{[%evp 8,61,29,27,26,34,17,30,39,35,32767,32767,32767,32767,32767,32767,32767,32767,32767,32767,32767,32767,32767,32767,62,35,43,29,36,23,32767,32767,32767,32767,127,32767,32767,32767,32767,23,32767,32767,25,12,6,32767,32767,32767,478,513,475,514,511,523,528,518]} 1. e4 {[%emt 0:00:00]} e5 {[%emt 0:00:00]} 2. Nf3 {[%emt 0:00:00]} Nc6 {[%emt 0:00:32]} 3. Bb5 {[%emt 0:00:00]} a6 {[%emt 0:00:28]} 4. Ba4 {[%emt 0:00:00]} Nf6 {[%emt 0:00:31]} 5. O-O {[%emt 0:00:01]} Be7 {[%emt 0:00:30]} 6. Re1 {[%emt 0:00:07]} b5 {[%emt 0:00:20]} 7. Bb3 {[%emt 0:00:06]} O-O {[%emt 0:00:38]} 8. c3 {[%emt 0:00:15]} d5 {[%emt 0:00:52]} 9. exd5 {[%emt 0:00:09]} Nxd5 {[%emt 0:00:29]} 10. Nxe5 {[%emt 0:00:08]} Nxe5 {[%emt 0:00:11]} 11. Rxe5 {[%emt 0:00:08]} c6 {[%emt 0:00:12]} 12. d4 {[%emt 0:00:08]} Bd6 {[%emt 0:01:16]} 13. Re1 {[%emt 0:00:21]} Qh4 {[%emt 0:00:56]} 14. g3 {[%emt 0:00:08]} Qh3 {[%emt 0:00:43]} 15. Be3 {[%emt 0:00:23]} Bg4 {[%emt 0:03:00]} 16. Qd3 $1 {[%emt 0:00:08]} Rae8 {[%emt 0:01:38]} 17. Nd2 {[%emt 0:00:08]} Re6 {[%emt 0:06:11]} 18. a4 {[%emt 0:00:09]} Rfe8 {[%emt 0:02:18]} 19. Bxd5 {[%emt 0:10:11]} cxd5 {[%emt 0:01:03]} 20. axb5 {[%emt 0:10:55]} g5 {[%emt 0:06:45]} 21. Qf1 {[%emt 0:07:06]} Qxf1+ {[%emt 0:12:35]} 22. Nxf1 {[%emt 0:01:37]} axb5 {[%emt 0:00:14]} 23. Ra5 {[%emt 0:28:59]} f5 {[%emt 0:03:22]} 24. Rxb5 {[%emt 0:00:14]} f4 {[%emt 0:00:31]} 25. Rxd5 {[%emt 0:00:16]} h6 {[%emt 0:00:39]} 26. Kg2 {[%emt 0:06:03]} fxe3 {[%emt 0:06:53]} 27. Rxe3 {[%emt 0:00:12]} Be2 $2 {[%emt 0:22:12] [#]} (27... Bf8 $11 {and Black has nothing to worry.}) 28. Rxd6 $1 {[%emt 0:01:42]} Bf3+ {[%emt 0:03:07]} 29. Kg1 {[%emt 0:03:23]} Rxd6 {[%emt 0:00:23]} 30. Rxe8+ {[%emt 0:00:07]} Kf7 $18 {[%emt 0:00:13]} 31. Re3 {[%emt 0:00:12]} 1-0

[Event "8th Palmanova Open 2019"]
[Site "Palmanova"]
[Date "2019.12.07"]
[Round "2.9"]
[White "Forti, Francesco"]
[Black "Gregoric, Andraz"]
[Result "1-0"]
[WhiteElo "1903"]
[BlackElo "2036"]
[Annotator "NA"]
[PlyCount "83"]
[EventDate "2019.12.06"]
[EventType "swiss"]
[EventCountry "ITA"]
[SourceTitle "playchess.com"]
[Source "ChessBase"]
[SourceQuality "1"]
[TimeControl "5400+30"]

1. d4 {[%emt 0:00:00]} Nf6 {[%emt 0:00:00]} 2. c4 {[%emt 0:00:38]} e6 {[%emt 0:00:00]} 3. Nf3 {[%emt 0:01:17]} Bb4+ {[%emt 0:00:00]} 4. Bd2 {[%emt 0:04:44]} c5 {[%emt 0:00:01]} 5. g3 {[%emt 0:05:24]} b6 {[%emt 0:00:32]} 6. Bg2 {[%emt 0:04:33]} Bb7 {[%emt 0:00:25]} 7. Bxb4 {[%emt 0:04:02]} cxb4 {[%emt 0:00:05]} 8. O-O {[%emt 0:02:43]} O-O {[%emt 0:00:24]} 9. a3 {[%emt 0:07:10]} bxa3 {[%emt 0:03:00]} 10. Rxa3 {[%emt 0:04:37]} d6 {[%emt 0:01:12]} 11. Nc3 {[%emt 0:01:15]} Qe7 {[%emt 0:05:59]} 12. Qd3 {[%emt 0:05:23]} Rd8 $14 {[%emt 0:13:01]} 13. e4 {[%emt 0:04:42]} Nc6 {[%emt 0:08:24]} 14. Rd1 {[%emt 0:16:55]} a5 {[%emt 0:02:22]} 15. Qe2 {[%emt 0:01:25]} Rac8 {[%emt 0:10:07]} 16. d5 {[%emt 0:07:32]} Nb4 {[%emt 0:01:52]} 17. Nd4 {[%emt 0:08:28]} Ba6 {[%emt 0:03:41]} 18. b3 {[%emt 0:02:36]} Rc7 {[%emt 0:10:16]} 19. Raa1 {[%emt 0:01:39]} e5 {[%emt 0:02:07]} 20. Nf5 {[%emt 0:02:10]} Qf8 {[%emt 0:01:13]} 21. Rf1 {[%emt 0:04:51]} Re8 {[%emt 0:10:49]} 22. Qd2 {[%emt 0:01:04]} Nd7 {[%emt 0:01:23]} 23. Rab1 {[%emt 0:05:07]} Nc5 {[%emt 0:02:20]} 24. h4 {[%emt 0:01:29]} f6 {[%emt 0:04:46]} 25. Ne2 {[%emt 0:02:05]} b5 {[%emt 0:02:09]} 26. cxb5 {[%emt 0:00:04]} Bxb5 {[%emt 0:00:09]} 27. Rfc1 {[%emt 0:00:14]} Bd3 {[%emt 0:01:15]} 28. Nc3 {[%emt 0:01:17]} Rec8 {[%emt 0:01:56]} 29. Rb2 {[%emt 0:00:32]} Nxe4 {[%emt 0:06:45]} 30. Bxe4 {[%emt 0:00:22]} Bxe4 {[%emt 0:00:11]} 31. Nxe4 {[%emt 0:00:41]} Rxc1+ {[%emt 0:00:06]} 32. Kh2 {[%emt 0:00:03]} R8c2 {[%emt 0:01:11]} 33. Rxc2 {[%emt 0:00:08]} Rxc2 {[%emt 0:00:03]} 34. Qe3 {[%emt 0:00:35]} Nxd5 {[%emt 0:02:00]} 35. Qa7 {[%emt 0:01:03]} h6 {[%emt 0:05:28]} 36. Qxa5 {[%emt 0:00:28]} Ne7 {[%emt 0:00:54]} 37. Nfxd6 {[%emt 0:00:36]} Qb8 {[%emt 0:01:22]} 38. Qa6 {[%emt 0:00:37]} Ng6 {[%emt 0:00:45]} 39. Qd3 {[%emt 0:00:16]} Rc1 {[%emt 0:00:33]} 40. Nxf6+ {[%emt 0:00:19]} gxf6 {[%emt 0:00:40]} 41. Qxg6+ {[%emt 0:00:01]} Kh8 {[%emt 0:00:07]} 42. Nf7# {[%emt 0:00:02]} 1-0

[Event "8th Palmanova Open 2019"]
[Site "Palmanova"]
[Date "2019.12.07"]
[Round "2.10"]
[White "Herega, Nejc"]
[Black "Bisaro, Andrea"]
[Result "0-1"]
[WhiteElo "2009"]
[BlackElo "1845"]
[Annotator "NA"]
[PlyCount "82"]
[EventDate "2019.12.06"]
[EventType "swiss"]
[EventCountry "ITA"]
[SourceTitle "playchess.com"]
[Source "ChessBase"]
[SourceQuality "1"]
[TimeControl "5400+30"]

1. d4 {[%emt 0:00:00]} d5 {[%emt 0:00:00]} 2. c4 {[%emt 0:00:00]} c6 {[%emt 0:00:00]} 3. Nf3 {[%emt 0:00:05]} Nf6 {[%emt 0:00:00]} 4. e3 {[%emt 0:00:09]} Bg4 {[%emt 0:00:21]} 5. Qb3 {[%emt 0:02:03]} Qb6 {[%emt 0:02:26]} 6. Ne5 {[%emt 0:01:23]} Bf5 {[%emt 0:03:48]} 7. Nc3 {[%emt 0:04:35]} e6 {[%emt 0:03:06]} 8. c5 {[%emt 0:03:09]} Qc7 {[%emt 0:05:52]} 9. Bd3 {[%emt 0:07:52]} Bxd3 {[%emt 0:03:20]} 10. Nxd3 {[%emt 0:00:19]} Nbd7 {[%emt 0:00:08]} 11. Qd1 {[%emt 0:03:42]} e5 {[%emt 0:01:56]} 12. b4 {[%emt 0:03:43]} Be7 {[%emt 0:04:43]} 13. Bd2 {[%emt 0:03:25]} a6 $11 {[%emt 0:10:53]} 14. a4 {[%emt 0:01:56]} O-O {[%emt 0:01:28]} 15. O-O {[%emt 0:04:48]} Rfe8 {[%emt 0:06:18]} 16. f3 {[%emt 0:04:19]} Bf8 {[%emt 0:03:04]} 17. Be1 {[%emt 0:03:15]} exd4 {[%emt 0:12:20]} 18. exd4 {[%emt 0:02:05]} Nh5 {[%emt 0:06:01]} 19. Bf2 {[%emt 0:05:02]} g6 {[%emt 0:04:10]} 20. Qd2 {[%emt 0:05:44]} Bg7 {[%emt 0:03:54]} 21. b5 {[%emt 0:05:31]} Nf8 {[%emt 0:08:16]} 22. bxc6 {[%emt 0:07:14]} bxc6 {[%emt 0:00:26]} 23. a5 {[%emt 0:00:14]} Ne6 {[%emt 0:00:28]} 24. Nc1 {[%emt 0:02:04]} Rab8 {[%emt 0:04:03]} 25. Na4 {[%emt 0:03:39]} Rb5 {[%emt 0:01:32]} 26. Nc3 {[%emt 0:03:42]} Rb4 {[%emt 0:01:35]} 27. Nxd5 {[%emt 0:01:38]} Rxd4 {[%emt 0:01:01]} 28. Bxd4 {[%emt 0:02:11]} Bxd4+ {[%emt 0:00:14]} 29. Qxd4 {[%emt 0:01:24]} cxd5 {[%emt 0:00:05]} 30. Qxd5 {[%emt 0:00:47]} Rd8 {[%emt 0:00:06]} 31. Qc4 {[%emt 0:00:53]} Rd4 {[%emt 0:01:33]} 32. Qc2 {[%emt 0:01:28]} Qe5 {[%emt 0:05:03]} 33. Qe2 {[%emt 0:02:57]} Qd5 {[%emt 0:00:45]} 34. Re1 {[%emt 0:02:46]} Nhf4 {[%emt 0:01:03]} 35. Qa2 {[%emt 0:02:40]} Qg5 {[%emt 0:01:02]} 36. Nb3 {[%emt 0:01:18]} Rd3 {[%emt 0:01:23]} 37. Rab1 {[%emt 0:05:12]} Rxf3 {[%emt 0:00:19]} 38. Nc1 {[%emt 0:00:40]} Nh3+ {[%emt 0:00:18]} 39. Kh1 {[%emt 0:00:14]} Rf2 {[%emt 0:00:21]} 40. Rb8+ {[%emt 0:03:57]} Nf8 {[%emt 0:01:01]} 41. gxh3 {[%emt 0:01:28]} Qg2# {[%emt 0:00:08]} 0-1

[Event "8th Palmanova Open 2019"]
[Site "Palmanova"]
[Date "2019.12.07"]
[Round "2.11"]
[White "Maione, Melissa"]
[Black "Laco, Giuseppe"]
[Result "1/2-1/2"]
[WhiteElo "1836"]
[BlackElo "1972"]
[Annotator "NA"]
[PlyCount "98"]
[EventDate "2019.12.06"]
[EventType "swiss"]
[EventCountry "ITA"]
[SourceTitle "playchess.com"]
[Source "ChessBase"]
[SourceQuality "1"]
[TimeControl "5400+30"]

1. e4 {[%emt 0:00:00]} c5 {[%emt 0:00:00]} 2. Nf3 {[%emt 0:00:00]} Nc6 {[%emt 0:00:06]} 3. d4 {[%emt 0:00:00]} cxd4 {[%emt 0:00:07]} 4. Nxd4 {[%emt 0:00:09]} Nf6 {[%emt 0:00:45]} 5. Nc3 {[%emt 0:00:24]} e6 {[%emt 0:02:07]} 6. Nxc6 {[%emt 0:02:15]} bxc6 {[%emt 0:00:10]} 7. e5 {[%emt 0:00:31]} Ng8 {[%emt 0:01:41]} 8. Bd3 {[%emt 0:02:30]} f5 {[%emt 0:01:19]} 9. g4 {[%emt 0:02:14]} Qa5 {[%emt 0:06:02]} 10. f4 {[%emt 0:02:29]} g6 {[%emt 0:04:45]} 11. gxf5 {[%emt 0:02:17]} gxf5 {[%emt 0:06:39]} 12. Bd2 {[%emt 0:01:20]} Bb4 {[%emt 0:06:18]} 13. a3 {[%emt 0:03:20]} Be7 $18 {[%emt 0:06:51]} 14. Qh5+ {[%emt 0:03:36]} Kf8 {[%emt 0:02:24]} 15. Rg1 {[%emt 0:02:44]} Rb8 {[%emt 0:05:54]} 16. Ne2 {[%emt 0:07:13]} Qb6 {[%emt 0:02:55]} 17. Bc3 {[%emt 0:03:35]} a5 {[%emt 0:07:05]} 18. Bxf5 {[%emt 0:02:30]} Bc5 {[%emt 0:02:43]} 19. Rg2 {[%emt 0:00:25]} Qd8 {[%emt 0:10:12]} 20. Bxh7 {[%emt 0:01:35]} Qe7 {[%emt 0:02:36]} 21. Rxg8+ {[%emt 0:00:49]} Rxg8 {[%emt 0:00:09]} 22. Bxg8 {[%emt 0:00:11]} Kxg8 {[%emt 0:00:08]} 23. Qg5+ {[%emt 0:03:48]} Qxg5 {[%emt 0:02:18]} 24. fxg5 {[%emt 0:00:05]} Be3 {[%emt 0:00:08]} 25. h4 {[%emt 0:00:25]} Kf7 {[%emt 0:01:58]} 26. b3 {[%emt 0:01:19]} a4 {[%emt 0:00:50]} 27. bxa4 {[%emt 0:00:36]} Ba6 {[%emt 0:00:41]} 28. Rd1 {[%emt 0:01:01]} Ke7 {[%emt 0:00:49]} 29. Bd4 {[%emt 0:01:54]} Bxd4 {[%emt 0:05:05]} 30. Nxd4 {[%emt 0:00:27]} Rf8 {[%emt 0:02:23]} 31. g6 {[%emt 0:07:59]} Rf1+ {[%emt 0:07:03]} 32. Kd2 {[%emt 0:01:48]} Rf4 {[%emt 0:00:24]} 33. Ke3 {[%emt 0:00:35]} Rxh4 {[%emt 0:00:23]} 34. Nf3 {[%emt 0:01:22]} Rxa4 {[%emt 0:00:49]} 35. Rd4 {[%emt 0:03:48]} Rxa3+ {[%emt 0:01:33]} 36. Kf4 {[%emt 0:00:07]} Be2 {[%emt 0:00:29]} 37. Ng5 {[%emt 0:00:55]} Bh5 {[%emt 0:01:15]} 38. g7 {[%emt 0:01:01]} Ra8 {[%emt 0:00:02]} 39. Nh7 {[%emt 0:00:38]} Bf7 {[%emt 0:04:33]} 40. Nf6 {[%emt 0:00:24]} Rd8 {[%emt 0:00:02]} 41. Kg5 {[%emt 0:00:16]} d6 {[%emt 0:04:35]} 42. exd6+ {[%emt 0:05:55]} Rxd6 {[%emt 0:00:45]} 43. Rxd6 {[%emt 0:02:03]} Kxd6 {[%emt 0:00:04]} 44. Kf4 {[%emt 0:00:59]} Kc5 {[%emt 0:01:00]} 45. g8=Q {[%emt 0:00:26]} Bxg8 {[%emt 0:00:13]} 46. Nxg8 {[%emt 0:00:03]} Kd4 {[%emt 0:00:09]} 47. Nf6 {[%emt 0:00:27]} e5+ {[%emt 0:00:23]} 48. Kf5 {[%emt 0:00:11]} Kc3 {[%emt 0:00:52]} 49. Ne4+ {[%emt 0:00:09]} Kxc2 {[%emt 0:00:11]} 1/2-1/2

[Event "8th Palmanova Open 2019"]
[Site "Palmanova"]
[Date "2019.12.07"]
[Round "3.1"]
[White "Kobal, Sasa"]
[Black "Margl, Roland"]
[Result "1/2-1/2"]
[WhiteElo "2100"]
[BlackElo "2249"]
[Annotator "NA"]
[PlyCount "20"]
[EventDate "2019.12.06"]
[EventType "swiss"]
[EventCountry "ITA"]
[SourceTitle "playchess.com"]
[Source "ChessBase"]
[SourceQuality "1"]
[TimeControl "5400+30"]

1. b3 {[%emt 0:01:20]} d5 {[%emt 0:00:00]} 2. Bb2 {[%emt 0:00:05]} c5 {[%emt 0:00:29]} 3. e3 {[%emt 0:00:07]} Nf6 {[%emt 0:01:43]} 4. f4 {[%emt 0:00:42]} g6 {[%emt 0:00:11]} 5. Nf3 {[%emt 0:00:14]} Bg7 {[%emt 0:00:06]} 6. Be2 {[%emt 0:00:31]} O-O {[%emt 0:00:16]} 7. O-O {[%emt 0:00:20]} Nc6 {[%emt 0:00:27]} 8. Ne5 {[%emt 0:02:01]} Qc7 {[%emt 0:04:30]} 9. Bf3 {[%emt 0:04:13]} Be6 {[%emt 0:08:18]} 10. d4 {[%emt 0:11:38]} cxd4 {[%emt 0:04:18]} 1/2-1/2

[Event "8th Palmanova Open 2019"]
[Site "Palmanova"]
[Date "2019.12.07"]
[Round "3.2"]
[White "Zamengo, Fulvio"]
[Black "Ghersinich, Enrico"]
[Result "1-0"]
[WhiteElo "2357"]
[BlackElo "2157"]
[Annotator "NA"]
[PlyCount "65"]
[EventDate "2019.12.06"]
[EventType "swiss"]
[EventCountry "ITA"]
[SourceTitle "playchess.com"]
[Source "ChessBase"]
[SourceQuality "1"]
[TimeControl "5400+30"]

1. e4 {[%emt 0:02:18]} c5 {[%emt 0:00:00]} 2. Nf3 {[%emt 0:00:24]} d6 {[%emt 0:00:13]} 3. d4 {[%emt 0:00:59]} cxd4 {[%emt 0:00:15]} 4. Nxd4 {[%emt 0:02:35]} Nf6 {[%emt 0:00:12]} 5. Nc3 {[%emt 0:00:08]} g6 {[%emt 0:01:07]} 6. Be3 {[%emt 0:00:06]} Bg7 {[%emt 0:00:17]} 7. f3 {[%emt 0:00:07]} O-O {[%emt 0:00:07]} 8. Qd2 {[%emt 0:00:03]} Nc6 {[%emt 0:00:09]} 9. O-O-O {[%emt 0:00:07]} d5 {[%emt 0:00:55]} 10. exd5 {[%emt 0:00:14]} Nxd5 {[%emt 0:00:06]} 11. Nxc6 {[%emt 0:00:07]} bxc6 {[%emt 0:00:05]} 12. Bd4 {[%emt 0:00:09]} Bxd4 {[%emt 0:00:08]} 13. Qxd4 {[%emt 0:00:06]} Qb6 {[%emt 0:00:04]} 14. Na4 {[%emt 0:00:07]} Qc7 {[%emt 0:00:07]} 15. Bc4 {[%emt 0:01:51]} Rb8 {[%emt 0:08:08]} 16. b3 {[%emt 0:17:44]} Qa5 {[%emt 0:15:54]} 17. Rhe1 {[%emt 0:17:00]} Nb6 {[%emt 0:13:20]} 18. Re5 {[%emt 0:07:04]} Nd5 {[%emt 0:02:35]} 19. h4 {[%emt 0:10:35]} Qb4 {[%emt 0:10:42]} 20. h5 {[%emt 0:12:23]} Qa3+ {[%emt 0:01:30]} 21. Nb2 {[%emt 0:00:12]} Bf5 {[%emt 0:16:01]} 22. g4 {[%emt 0:17:58]} Bxc2 {[%emt 0:00:36]} 23. Kxc2 {[%emt 0:04:50]} Nb4+ {[%emt 0:00:31]} 24. Kc1 {[%emt 0:00:01]} Qxa2 {[%emt 0:00:31]} 25. hxg6 {[%emt 0:00:29]} hxg6 {[%emt 0:02:23]} 26. Rxe7 {[%emt 0:01:26]} Qa1+ {[%emt 0:13:27]} 27. Kd2 {[%emt 0:00:07]} Qa5 {[%emt 0:00:03]} 28. Rh1 {[%emt 0:02:55]} Nd5+ {[%emt 0:04:14]} 29. Ke2 {[%emt 0:00:06]} f6 {[%emt 0:02:21]} 30. g5 {[%emt 0:00:01]} Rf7 {[%emt 0:03:11]} 31. Rxf7 {[%emt 0:00:02]} Re8+ {[%emt 0:01:08]} 32. Kf2 {[%emt 0:00:03]} Qb6 {[%emt 0:01:07]} 33. Qxb6 {[%emt 0:00:08]} 1-0

[Event "8th Palmanova Open 2019"]
[Site "Palmanova"]
[Date "2019.12.07"]
[Round "3.3"]
[White "Dappiano, Andrea"]
[Black "Lekic, Dusan"]
[Result "1/2-1/2"]
[WhiteElo "2258"]
[BlackElo "2347"]
[Annotator "NA"]
[PlyCount "56"]
[EventDate "2019.12.06"]
[EventType "swiss"]
[EventCountry "ITA"]
[SourceTitle "playchess.com"]
[Source "ChessBase"]
[SourceQuality "1"]
[TimeControl "5400+30"]

1. e4 {[%emt 0:01:39]} e5 {[%emt 0:00:00]} 2. Nf3 {[%emt 0:00:22]} Nc6 {[%emt 0:00:00]} 3. d4 {[%emt 0:00:08]} exd4 {[%emt 0:00:08]} 4. Nxd4 {[%emt 0:00:05]} Nf6 {[%emt 0:00:10]} 5. Nxc6 {[%emt 0:00:29]} bxc6 {[%emt 0:00:15]} 6. e5 {[%emt 0:00:19]} Qe7 {[%emt 0:00:18]} 7. Qe2 {[%emt 0:00:04]} Nd5 {[%emt 0:00:08]} 8. c4 {[%emt 0:00:09]} Nb6 {[%emt 0:00:22]} 9. Nc3 {[%emt 0:01:10]} Qe6 {[%emt 0:01:50]} 10. Qe4 {[%emt 0:01:32]} g6 {[%emt 0:00:28]} 11. f4 {[%emt 0:01:56]} d5 {[%emt 0:08:34]} 12. exd6 {[%emt 0:10:13]} cxd6 {[%emt 0:03:05]} 13. Be3 {[%emt 0:14:39]} Bg7 {[%emt 0:00:40]} 14. O-O-O {[%emt 0:00:34]} Bxc3 {[%emt 0:01:40]} 15. Qxe6+ {[%emt 0:00:11]} Bxe6 {[%emt 0:00:32]} 16. bxc3 {[%emt 0:00:08]} Nxc4 {[%emt 0:07:49]} 17. Bxc4 {[%emt 0:01:31]} Bxc4 {[%emt 0:00:08]} 18. Rxd6 {[%emt 0:01:55]} Bd5 {[%emt 0:08:07]} 19. Bc5 {[%emt 0:20:34]} O-O {[%emt 0:00:12]} 20. Rxd5 {[%emt 0:00:04]} cxd5 {[%emt 0:00:12]} 21. Bxf8 {[%emt 0:00:04]} Kxf8 {[%emt 0:00:19]} 22. Rd1 {[%emt 0:01:28]} Rc8 {[%emt 0:00:28]} 23. Kb2 {[%emt 0:07:02]} Rc5 {[%emt 0:01:37]} 24. Re1 {[%emt 0:01:07]} Rb5+ {[%emt 0:01:45]} 25. Kc2 {[%emt 0:00:39]} Ra5 {[%emt 0:00:10]} 26. Kb3 {[%emt 0:00:56]} Rb5+ {[%emt 0:00:09]} 27. Kc2 {[%emt 0:00:06]} Ra5 {[%emt 0:00:08]} 28. Kb3 {[%emt 0:00:07]} Rb5+ {[%emt 1:04:46]} 1/2-1/2